Countries within 500km of Hungary - Statistics

General Stats
  • This quiz has been taken 61 times
  • The average score is 21 of 22
Answers on the Map
Answers color-coded by a green-red scale on the quiz's map according to % correct below.
 
Answer Stats
Answer % Correct
Austria
100%
Bosnia and Herzegovina
100%
Croatia
100%
Germany
100%
Poland
100%
Romania
100%
Bulgaria
98%
Czech Republic
98%
Italy
98%
Serbia
98%
Slovakia
98%
Slovenia
98%
Ukraine
98%
Albania
97%
Moldova
97%
Montenegro
97%
North Macedonia
97%
Kosovo
95%
Switzerland
95%
Belarus
93%
San Marino
88%
Liechtenstein
85%
No matching quizzes found
Score Distribution
Percent of People with Each Score
Percentile by Number Answered
Your Score History
You have not taken this quiz